000 00230nam a22000857a 4500
008 160704b xxu||||| |||| 00| 0 eng d
100 _91911
_a Singh, U.K., et al
245 _aModern Education
260 _aNew Delhi
_bCommon Wealth
_c2005
999 _c1613
_d1613